01843cam a2200421 a 45000010011000000030004000110050017000150070003000320080041000350200025000760400020001010820027001211000028001482450053001762600049002293000053002785050365003316500068006966500041007646500037008056500042008426500035008846500063009196500036009826500034010186500030010527000024010827400030011067400046011367400030011827400037012127400037012497400029012867400021013157400023013367400039013597400023013980003773599OSt20260630185614.0ta090909m20099999fr g 6 000 fre  a9782749305837 (v. 3) aSDMbfredQMBND05aBD MAR v.03 222bD742m1 aDouyé, Sylvia,d1973-10aMarie-Lune /cscňario, Douyé ;dessin, Yllya. aIssy-les-Moulineaux :bVents d'Ouest,c2009- av. :bprincipalement des ill. en coul. ;c30 cm.0 av. 1. Je dépense donc je suis -- v. 2. Au secours, j'ai perdu ma meilleure amie! -- v. 3. Je suis trop love de lui! -- v. 4. C'est officiel-- je la dťeste! -- v. 5. Help! j'ai la tt̊e l̉'envers -- v. 6. Ne me laisse pas tomber! -- v. 7. Ma nouvelle vie! -- v. 8. Plus moche la vie! -- v. 9. Je nage (presque) dans le bonheur -- v. 10. Retour aux sources 7aMarie-Lune (Personnage fictif : Douy)̌vBandes dessiněs2vmj 7aAdolescentesvBandes dessiněs2vmj 7aMagasinsvBandes dessiněs2vmj 7aConsommationvBandes dessiněs.2vmj 7aRichesvBandes dessiněs2vmj 6aMarie-Lune (Personnage fictif : Douy)̌vBandes dessiněs 6aAdolescentesvBandes dessiněs 6aMagasinagevBandes dessiněs 6aRichesvBandes dessiněs0 aYllya,d1982-eill.0 aJe dp̌ense donc je suis.0 aAu secours, j'ai perdu ma meilleure amie!0 aJe suis trop love de lui!0 aC'est officiel-- je la dťeste!0 aHelp! j'ai la tt̊e l̉'envers.0 aNe me laisse pas tomber!0 aMa nouvelle vie!0 aPlus moche la vie!0 aJe nage (presque) dans le bonheur.02aRetour aux sources